| 000 | 01187nam0a2200313 4500 | ||
|---|---|---|---|
| 001 | RU\NLR\bibl\1685495 | ||
| 005 | 20260406125558.0 | ||
| 010 |
_a978-5-9951-0848-1 _930000 |
||
| 021 |
_aRU _b2010-68568 _94514 |
||
| 021 |
_aRU _b2013-7444 _9536 |
||
| 035 | _a(nilc)RSL-KNO-004728458 | ||
| 035 | _a(NLR Aleph) 001676670 | ||
| 090 |
_a1075317 _c1075317 |
||
| 100 | _a20100906d2010 |||y0rusy50 ca | ||
| 101 | 0 | _arus | |
| 102 | _aRU | ||
| 105 | _aa ||||||||| | ||
| 200 | 1 |
_aКак цыпленок голос искал _e[для чтения взрослыми детям] _fЕ. Карганова _g[худож.: Е. Ясюнас] |
|
| 210 |
_aМосква _cСтрекоза _d2010 |
||
| 215 |
_a[10] с. _cцв. ил. _d21 |
||
| 225 | 1 | _aЧитаем малышам | |
| 700 | 1 |
_4070 _8rus _7ca _aКарганова _bЕ. Г. _f1922-2017 _gЕкатерина Георгиевна _3RU\NLR\AUTH\771439 _9111464 |
|
| 702 | 1 |
_4040 _8rus _7ca _aЯсюнас _bЕ. _cхудожник _f1978- _gЕкатерина _3RU\NLR\auth\7798679 _981605 |
|
| 801 | 0 |
_aRU _bРГБ _c20100906 _grcr |
|
| 801 | 1 |
_aRU _bРГБ _c20100906 |
|
| 801 | 2 |
_aRU _bNLR _c20101012 _grcr |
|
| 942 | _cBOOK | ||
| 980 | _aNB | ||